The reseach student's guide to success
Αποθηκεύτηκε σε:
| Κύριος συγγραφέας: | |
|---|---|
| Μορφή: | Βιβλίο |
| Γλώσσα: | English |
| Δημοσίευση: |
Buckingham :
Open University Press,
c1996
|
| Θέματα: | |
| Ετικέτες: |
Προσθήκη ετικέτας
Δεν υπάρχουν, Καταχωρήστε ετικέτα πρώτοι!
|
MARC
| LEADER | 00000nam a2200000 i 4500 | ||
|---|---|---|---|
| 001 | 1/83234 | ||
| 008 | 990528s1996 eng d | ||
| 020 | |a 0-335-19612-8 | ||
| 035 | |l 10051297 | ||
| 040 | |a GR-MY-UA |b gre |e aacr | ||
| 041 | 0 | |a eng | |
| 082 | 0 | |a 378.1702812 | |
| 100 | 1 | |a Cryer, Pat. | |
| 245 | 1 | 4 | |a The reseach student's guide to success / |c Pat Cryer |
| 260 | |a Buckingham : |b Open University Press, |c c1996 | ||
| 300 | |a 221 p. | ||
| 504 | |a Includes bibliographical references and index | ||
| 650 | 0 | 0 | |a Study skills |z Great Britain. |
| 650 | 0 | 0 | |a Doctor of philosophy degree |z Great Britain. |
| 650 | 0 | 0 | |a Report writing |z Great Britain. |
| 650 | 0 | 0 | |a Dissertations, Academic |z Great Britain. |
| 650 | 0 | 0 | |a Graduate students |z Great Britain. |
| 650 | 0 | 0 | |a Research |z Great Britain. |
| 852 | |a INST |b LESVOS |e 19990528 |h 378.1702812 CRY |p 005100026904 |q 005100026904 |t BK |y 0 | ||
| 901 | |a BIBL1-1999-2 | ||
| 909 | |a Λ |b 063699 | ||
| 922 | |a 1ΕΛΗ |b 199901 |c ΚΠΣ/ΤΚ |d GLORY | ||
| 950 | |a 103-1998-11-20 | ||